[Event "CAN-ch"]
[Site "Toronto CAN"]
[Date "2004.08.24"]
[Round "5.4"]
[White "Gravel, Simon M"]
[Black "Hamilton, Robert"]
[Result "1/2-1/2"]
[WhiteElo "2333"]
[BlackElo "2389"]
[PlyCount "77"]
[GameId "2160767911077966"]
[EventDate "2004.08.20"]
[EventType "swiss"]
[EventRounds "11"]
[EventCountry "CAN"]

1. Nf3 Nf6 2. c4 c5 3. Nc3 Nc6 4. g3 b6 5. Bg2 Bb7 6. O-O e6 7. b3 Be7 8. Bb2 O-O 9. e3 Rc8 10. Rc1 Na5 11. Qe2 d5 12. cxd5 exd5 13. d4 c4 14. bxc4 Nxc4 15. Ne5 Ba6 16. Rfd1 b5 17. e4 Nxb2 18. Qxb2 Qa5 19. Nxd5 Nxd5 20. Rxc8 Rxc8 21. exd5 Ba3 22. Qb1 Qa4 23. Nc6 Bb7 24. Bf3 g6 25. Rd3 Bd6 26. Qb2 b4 27. Re3 Kf8 28. h4 h5 29. Rb3 a5 30. Qd2 Qb5 31. Na7 Qd7 32. Nxc8 Qxc8 33. Rb1 Qf5 34. Qd1 g5 35. hxg5 Qxg5 36. Qc1 Qg7 37. Qe3 Bxg3 38. fxg3 Qxg3+ 39. Kh1 1/2-1/2

[Event "CAN-ch"]
[Site "Toronto CAN"]
[Date "2004.08.24"]
[Round "5.6"]
[White "MacPhail, John"]
[Black "Jiganchine, Roman"]
[Result "1-0"]
[WhiteElo "2333"]
[BlackElo "2218"]
[PlyCount "127"]
[GameId "2160767911077967"]
[EventDate "2004.08.20"]
[EventType "swiss"]
[EventRounds "11"]
[EventCountry "CAN"]

1. e4 e5 2. Nf3 Nc6 3. Bb5 a6 4. Ba4 Nf6 5. O-O Nxe4 6. d4 b5 7. Bb3 d5 8. dxe5 Be6 9. c3 Bc5 10. Nbd2 O-O 11. Bc2 Nxf2 12. Rxf2 f6 13. exf6 Bxf2+ 14. Kxf2 Qxf6 15. Nf1 Ne5 16. Be3 Rae8 17. Bc5 Nxf3 18. gxf3 Rf7 19. Ng3 Bg4 20. Kg1 Qxf3 21. Qxf3 Rxf3 22. Rf1 Rxf1+ 23. Kxf1 g6 24. Bd3 Kf7 25. Kf2 Kf6 26. h4 Kf7 27. b4 Kf6 28. a3 Kf7 29. Bc2 h5 30. Be3 Kg7 31. Bd4+ Kf7 32. Bd3 c6 33. Nf1 Bf5 34. Bxf5 gxf5 35. Ng3 Kg6 36. Be3 Ra8 37. Ne2 a5 38. Nf4+ Kf7 39. Bd4 axb4 40. axb4 Rg8 41. Nd3 Ke6 42. Kf3 Rg4 43. Nf4+ Kd6 44. Bf2 Kc7 45. Nxh5 Rc4 46. Be1 c5 47. bxc5 d4 48. cxd4 b4 49. Bxb4 Rxb4 50. Ng7 Kd7 51. Nxf5 Ke6 52. Ke4 Rb1 53. d5+ Kf6 54. c6 Re1+ 55. Ne3 Ke7 56. Kd4 Kd6 57. h5 Kc7 58. h6 Rh1 59. Nf5 Re1 60. Ng3 Rd1+ 61. Ke5 Re1+ 62. Kf6 Kd6 63. Nf5+ Kxd5 64. c7 1-0

[Event "CAN-ch"]
[Site "Toronto CAN"]
[Date "2004.08.24"]
[Round "5.7"]
[White "Djerkovic, Miladin"]
[Black "Quan Zhe"]
[Result "1/2-1/2"]
[WhiteElo "2270"]
[BlackElo "2420"]
[PlyCount "123"]
[GameId "2160767911077968"]
[EventDate "2004.08.20"]
[EventType "swiss"]
[EventRounds "11"]
[EventCountry "CAN"]

1. e4 c5 2. Nf3 d6 3. d4 cxd4 4. Nxd4 Nf6 5. Nc3 a6 6. h3 g6 7. Bc4 Bg7 8. Bb3 Nbd7 9. O-O Nc5 10. Re1 O-O 11. Bg5 Nxb3 12. axb3 h6 13. Bh4 Kh7 14. Nd5 e6 15. Nxf6+ Bxf6 16. Bxf6 Qxf6 17. Nb5 Rd8 18. Qd2 b6 19. Nxd6 e5 20. Rad1 Ra7 21. Re3 Be6 22. Rd3 Rc7 23. c4 Rb8 24. b4 Bxc4 25. Qc1 Qe7 26. Rc3 b5 27. Rd5 Bxd5 28. Nf5 gxf5 29. Rxc7 Qd6 30. exd5 Qxd5 31. Rc6 f4 32. Qc2+ Kg7 33. Rc5 Qe6 34. Qe4 Re8 35. Rc6 Qd7 36. Rxa6 Re6 37. Ra5 Qe8 38. Ra8 Qe7 39. Rb8 Qd7 40. Rb7 Qe8 41. Qe2 Rg6 42. Qxb5 Qe6 43. Qd7 Qxd7 44. Rxd7 Rb6 45. Rd5 Rxb4 46. Rxe5 f3 47. g4 Rxb2 48. Rf5 Kg6 49. Rxf3 Rb5 50. h4 h5 51. g5 Rb4 52. Rf6+ Kg7 53. f4 Rb2 54. Ra6 Rb4 55. Rf6 Rb2 56. Rf5 Ra2 57. Kh1 Rb2 58. Rf6 Ra2 59. Rh6 Rf2 60. Rxh5 Rxf4 61. Rh6 f6 62. Rxf6 1/2-1/2

[Event "CAN-ch"]
[Site "Toronto CAN"]
[Date "2004.08.24"]
[Round "5.8"]
[White "Krnan, Tomas"]
[Black "Gardner, Robert"]
[Result "0-1"]
[WhiteElo "2409"]
[BlackElo "2249"]
[PlyCount "60"]
[GameId "2160767911077969"]
[EventDate "2004.08.20"]
[EventType "swiss"]
[EventRounds "11"]
[EventCountry "CAN"]

1. e4 d6 2. d4 Nf6 3. Nc3 g6 4. f4 Bg7 5. Nf3 c5 6. Bb5+ Bd7 7. e5 Ng4 8. e6 fxe6 9. Ng5 Bxb5 10. Qxg4 Bc4 11. b3 Bxd4 12. Bd2 Bd5 13. Nxd5 exd5 14. O-O-O Nc6 15. Ne6 Qb6 16. f5 Bf6 17. fxg6 a5 18. g7 Rg8 19. Qh5+ Kd7 20. Qf5 a4 21. Nxc5+ Kc7 22. Qd7+ Kb8 23. Qe6 Qxc5 24. Qxg8+ Kc7 25. Ba5+ Nxa5 26. Qxa8 axb3 27. axb3 Qa3+ 28. Kd2 Nxb3+ 29. cxb3 Qxa8 30. Rde1 Qg8 0-1

[Event "CAN-ch"]
[Site "Toronto CAN"]
[Date "2004.08.24"]
[Round "5.10"]
[White "Tipu, Vincent"]
[Black "Voskanyan, Vahagn"]
[Result "0-1"]
[WhiteElo "2307"]
[BlackElo "2264"]
[PlyCount "136"]
[GameId "2160767911077970"]
[EventDate "2004.08.20"]
[EventType "swiss"]
[EventRounds "11"]
[EventCountry "CAN"]

1. e4 c5 2. Nf3 e6 3. d4 cxd4 4. Nxd4 a6 5. c4 Nf6 6. Nc3 d6 7. Be2 Be7 8. O-O Qc7 9. Be3 O-O 10. Rc1 Nbd7 11. f4 b6 12. Bf3 Bb7 13. Kh1 Rac8 14. g4 Nc5 15. Qc2 Rfd8 16. g5 Ne8 17. f5 exf5 18. exf5 Bxf3+ 19. Rxf3 Bf8 20. Nd5 Qb7 21. Qg2 Rd7 22. Rcf1 Nd3 23. b3 b5 24. Ne6 Ne5 25. Nxf8 Kxf8 26. Rh3 Kg8 27. Nb6 Rc6 28. Nxd7 Qxd7 29. cxb5 axb5 30. Bd4 Qc7 31. Bxe5 dxe5 32. Re3 Rc5 33. b4 Rc2 34. Rxe5 Qxe5 35. Qxc2 Nd6 36. Qd3 g6 37. fxg6 hxg6 38. Rd1 Ne4 39. Qd8+ Kh7 40. Qd5 Qf4 41. Qd4 Qf3+ 42. Kg1 Nxg5 43. h4 Nh3+ 44. Kh2 Nf2 45. Rd2 Qh1+ 46. Kg3 Ne4+ 47. Kf4 Nxd2 48. Qxd2 Qxh4+ 49. Ke5 Qe7+ 50. Kf4 f6 51. Kf3 Kg7 52. a3 g5 53. Qd5 Qe8 54. Qf5 Qc6+ 55. Ke3 Qc3+ 56. Ke2 Qc4+ 57. Kd1 g4 58. Qd7+ Kh6 59. Qf5 Kg7 60. Qd7+ Kg6 61. Qe8+ Kg5 62. Qe3+ Qf4 63. Qc5+ Qe5 64. a4 g3 65. Qxe5+ fxe5 66. Ke2 g2 67. Kf2 g1=Q+ 68. Kxg1 bxa4 0-1

[Event "CAN-ch"]
[Site "Toronto CAN"]
[Date "2004.08.24"]
[Round "5.13"]
[White "Bailey, Doug"]
[Black "McTavish, David"]
[Result "0-1"]
[WhiteElo "2290"]
[BlackElo "2159"]
[PlyCount "159"]
[GameId "2160767911077971"]
[EventDate "2004.08.20"]
[EventType "swiss"]
[EventRounds "11"]
[EventCountry "CAN"]

1. e4 e6 2. d4 d5 3. Nc3 dxe4 4. Nxe4 Bd7 5. Nf3 Bc6 6. Bd3 Bxe4 7. Bxe4 c6 8. O-O Nf6 9. Bd3 Bd6 10. c4 O-O 11. b3 Nbd7 12. Bb2 Qa5 13. a3 Qh5 14. h3 Rad8 15. Re1 c5 16. Qc2 cxd4 17. Bxd4 e5 18. Bxa7 b6 19. Red1 Bc7 20. Bf5 e4 21. Nd4 Nc5 22. Nc6 Rde8 23. b4 Qxf5 24. bxc5 Qxc5 25. Nd4 Ra8 26. Nb5 Rfe8 27. Rab1 Re6 28. Qc3 Bd8 29. Qd4 Qxd4 30. Rxd4 Rc6 31. Rb4 Be7 32. Ra4 g6 33. Kf1 Bc5 34. Rd2 Re8 35. Nd4 Rd6 36. Nb3 Rxd2 37. Nxd2 e3 38. fxe3 Rxe3 39. Bb8 Rxa3 40. Rxa3 Bxa3 41. Bc7 Nd7 42. Ne4 Bb4 43. Ke2 f5 44. Ng5 Bc5 45. Ne6 Kf7 46. Nxc5 bxc5 47. Kd3 Ke6 48. Kc3 g5 49. Bh2 h6 50. Bg1 Ke5 51. Kd3 f4 52. Bf2 Kf5 53. g4+ fxg3 54. Bxg3 Ne5+ 55. Kc3 Ke4 56. h4 Nd7 57. hxg5 hxg5 58. Kb3 Kd3 59. Bd6 g4 60. Kb2 Kxc4 61. Kc2 Kd4 62. Kd2 Nf6 63. Ke2 c4 64. Bf4 Nd5 65. Bc1 Nc3+ 66. Kf2 Ne4+ 67. Ke2 c3 68. Ba3 Ng3+ 69. Kf2 Nf5 70. Ke2 Ke4 71. Bb4 Kd4 72. Ba5 Kc4 73. Bc7 Nd4+ 74. Kf2 c2 75. Bf4 Nf5 76. Ke2 Kb3 77. Bc1 Ka2 78. Kd2 Kb1 79. Ba3 Nd6 80. Ke3 0-1

[Event "CAN-ch"]
[Site "Toronto CAN"]
[Date "2004.08.24"]
[Round "5.15"]
[White "Sasata, Robert"]
[Black "Cazelais, Marc"]
[Result "1/2-1/2"]
[WhiteElo "2355"]
[BlackElo "2192"]
[PlyCount "97"]
[GameId "2160767911077972"]
[EventDate "2004.08.20"]
[EventType "swiss"]
[EventRounds "11"]
[EventCountry "CAN"]

1. d4 g6 2. c4 Bg7 3. e4 d6 4. Nc3 Nc6 5. d5 Nd4 6. Be3 c5 7. Nge2 Qb6 8. Qd2 Nf6 9. Rd1 Nxe2 10. Bxe2 O-O 11. O-O a6 12. b3 Qa5 13. Rc1 b5 14. e5 b4 15. Na4 Ne4 16. Qc2 Nc3 17. Nxc3 bxc3 18. exd6 exd6 19. Bf4 Bf5 20. Bd3 Bxd3 21. Qxd3 Rfd8 22. Rfe1 Bd4 23. Rc2 Re8 24. Rce2 Rxe2 25. Qxe2 Qc7 26. Bh6 Qd7 27. Kf1 Be5 28. Qf3 f5 29. Bf4 Bxf4 30. Qxf4 Re8 31. Rc1 Qe7 32. Qf3 c2 33. Qd3 Qh4 34. Kg1 f4 35. h3 Qf6 36. f3 Qb2 37. Qd2 Qxa2 38. Qxc2 Re1+ 39. Kf2 Qxc2+ 40. Rxc2 Rb1 41. Ra2 Rxb3 42. Rxa6 Rb2+ 43. Kf1 Rb4 44. Rxd6 Rxc4 45. Rd7 Rd4 46. Ke2 c4 47. Rc7 Rxd5 48. Rxc4 g5 49. Rc7 1/2-1/2

[Event "CAN-ch"]
[Site "Toronto CAN"]
[Date "2004.08.24"]
[Round "5.16"]
[White "Masse, Hugues"]
[Black "Mikanovic, Goran"]
[Result "1/2-1/2"]
[WhiteElo "2188"]
[BlackElo "2349"]
[PlyCount "139"]
[GameId "2160767911077973"]
[EventDate "2004.08.20"]
[EventType "swiss"]
[EventRounds "11"]
[EventCountry "CAN"]

1. d4 Nf6 2. c4 e6 3. Nc3 Bb4 4. Qc2 O-O 5. a3 Bxc3+ 6. Qxc3 b6 7. Bg5 Bb7 8. e3 d6 9. Ne2 Nbd7 10. Qd3 a5 11. Nc3 a4 12. f3 Ra5 13. Bh4 c5 14. Be2 d5 15. cxd5 exd5 16. O-O Re8 17. Rfe1 Ba6 18. Qd2 Bxe2 19. Rxe2 Qa8 20. dxc5 Rxc5 21. Rd1 Qc6 22. e4 dxe4 23. Nxe4 Rce5 24. Nxf6+ Nxf6 25. Rxe5 Rxe5 26. Qd6 Qc2 27. Qxe5 Qxd1+ 28. Qe1 Qxe1+ 29. Bxe1 Nd5 30. Bd2 Kf8 31. Kf2 Ke7 32. Ke2 Kd6 33. Kd3 Kc5 34. g3 b5 35. Be1 f6 36. Bf2+ Kd6 37. Kd4 Ne7 38. g4 Nc6+ 39. Ke4 Ke6 40. f4 Kd6 41. h4 Ke6 42. Bc5 g6 43. f5+ gxf5+ 44. gxf5+ Kd7 45. Kd5 h5 46. Bb4 Ne5 47. Bc3 Ng4 48. Bd2 Nf2 49. Be3 Ng4 50. Bd4 Nh6 51. Ke4 Ng4 52. Kd5 Nh6 53. Bxf6 Nxf5 54. Kc5 Nd6 55. Bd4 Nf5 56. Bf6 Nd6 57. Kb6 Ke6 58. Bc3 Kd5 59. Bb4 Nc4+ 60. Kxb5 Nxb2 61. Bc3 Nc4 62. Kxa4 Kc6 63. Bf6 Nd6 64. Bd4 Nf5 65. Bf2 Kb7 66. Kb4 Ka6 67. Kc4 Kb7 68. Kd5 Ka8 69. Ke6 Nxh4 70. Bxh4 1/2-1/2

[Event "CAN-ch"]
[Site "Toronto CAN"]
[Date "2004.08.24"]
[Round "5.18"]
[White "Noritsyn, Nikolay"]
[Black "Patterson, Roger"]
[Result "1/2-1/2"]
[WhiteElo "2323"]
[BlackElo "2195"]
[PlyCount "166"]
[GameId "2160767911077974"]
[EventDate "2004.08.20"]
[EventType "swiss"]
[EventRounds "11"]
[EventCountry "CAN"]

1. e4 e5 2. Nf3 Nc6 3. Nc3 Nf6 4. Bb5 Bb4 5. O-O O-O 6. d3 Bxc3 7. bxc3 d6 8. Bg5 Qe7 9. Re1 Nd8 10. d4 Ne6 11. Bc1 c6 12. Bf1 Rd8 13. g3 Nf8 14. Bg2 Ng6 15. Qe2 h6 16. Nd2 Re8 17. Ba3 c5 18. dxc5 dxc5 19. Nc4 b5 20. Ne3 b4 21. Bb2 a5 22. Nf5 Qc7 23. Qf3 Ra6 24. Bc1 Rb6 25. h4 Bb7 26. h5 Ne7 27. g4 Nh7 28. Qg3 Qc6 29. Qxe5 Nxf5 30. Qxf5 Nf6 31. Be3 bxc3 32. f3 Rb2 33. Qxc5 Qxc5 34. Bxc5 Rc8 35. Bd4 Rc4 36. Bxf6 gxf6 37. Bf1 Ra4 38. Bd3 Bc6 39. a3 Bb5 40. Bxb5 Rxb5 41. Kf2 Rb2 42. Re2 Rd4 43. Ke3 Rd7 44. a4 Rb4 45. Ra3 Rc4 46. Re1 Rd2 47. Rxc3 Rxc2 48. Rxc2 Rxc2 49. Rd1 Rc3+ 50. Rd3 Rc4 51. Rd4 Rc3+ 52. Kf4 Ra3 53. Rc4 Kg7 54. Rd4 Kf8 55. e5 Ke7 56. exf6+ Kxf6 57. Rc4 Ra1 58. Ke4 Ra3 59. f4 Rg3 60. Rc6+ Kg7 61. Kf5 Ra3 62. Rc4 Ra1 63. Rd4 Ra2 64. g5 Rh2 65. Kg4 Rg2+ 66. Kh3 Rb2 67. Rd5 Rb4 68. Rxa5 Rxf4 69. Kg3 Rb4 70. g6 fxg6 71. Ra7+ Kf6 72. Ra6+ Kf7 73. hxg6+ Kg7 74. Kf3 h5 75. Kg3 h4+ 76. Kh3 Kh6 77. a5 Ra4 78. Kg2 Ra3 79. Kh2 h3 80. Ra8 Kxg6 81. a6 Kg7 82. a7 Kh7 83. Rb8 Rxa7 1/2-1/2

[Event "CAN-ch"]
[Site "Toronto CAN"]
[Date "2004.08.24"]
[Round "5.19"]
[White "Filipovich, David"]
[Black "Henry, Liam"]
[Result "1-0"]
[WhiteElo "2258"]
[BlackElo "2145"]
[PlyCount "103"]
[GameId "2160767911077975"]
[EventDate "2004.08.20"]
[EventType "swiss"]
[EventRounds "11"]
[EventCountry "CAN"]

1. d4 Nf6 2. Nf3 g6 3. c3 Bg7 4. Bg5 O-O 5. Nbd2 d6 6. e3 Nc6 7. Bc4 h6 8. Bh4 e5 9. dxe5 dxe5 10. Qc2 g5 11. Bg3 Qe7 12. e4 Be6 13. Nxe5 Nxe5 14. Bxe5 Bxc4 15. Bxf6 Bxf6 16. Nxc4 Rfe8 17. Nd2 Rad8 18. O-O Be5 19. Rad1 Bf4 20. Rfe1 f5 21. e5 Qf7 22. Nf3 Rxd1 23. Qxd1 g4 24. Qd4 gxf3 25. Qxf4 fxg2 26. Qxh6 Re6 27. Qg5+ Rg6 28. Qd8+ Kh7 29. e6 Rxe6 30. Rxe6 Qxe6 31. Qxc7+ Kg6 32. Qxb7 Qxa2 33. Kxg2 Kf6 34. Qc6+ Ke7 35. b4 Qg8+ 36. Kf1 Qg4 37. Qc5+ Ke8 38. Qe3+ Kf8 39. h3 Qd1+ 40. Kg2 Qd5+ 41. Qf3 Qf7 42. Qf4 Qg7+ 43. Kh2 Qxc3 44. Qb8+ Kf7 45. Qxa7+ Kg6 46. Qb6+ Kf7 47. Qc5 Qf3 48. Qc7+ Kf6 49. Qd6+ Kf7 50. Qd4 Qb7 51. Qc4+ Kf6 52. b5 1-0

[Event "CAN-ch"]
[Site "Toronto CAN"]
[Date "2004.08.24"]
[Round "5.20"]
[White "Nezirovic, Ozren"]
[Black "Kret, Ted"]
[Result "0-1"]
[WhiteElo "2122"]
[BlackElo "2236"]
[PlyCount "74"]
[GameId "2160767911077976"]
[EventDate "2004.08.20"]
[EventType "swiss"]
[EventRounds "11"]
[EventCountry "CAN"]

1. e4 e6 2. d4 d5 3. Nc3 Nf6 4. e5 Nfd7 5. f4 c5 6. Nce2 Nc6 7. c3 Qb6 8. Nf3 Be7 9. g3 cxd4 10. Nexd4 g5 11. Nxc6 bxc6 12. fxg5 a5 13. Bd3 Nc5 14. Qe2 Nxd3+ 15. Qxd3 Ba6 16. Qe3 c5 17. Kf2 O-O 18. h4 Rab8 19. h5 d4 20. Qf4 dxc3 21. bxc3 Qb5 22. Re1 Rfd8 23. g6 fxg6 24. Qg4 Qc4 25. Bf4 Rb2+ 26. Kg1 Kg7 27. h6+ Kg8 28. Rad1 Rxd1 29. Rxd1 Qxa2 30. Nd2 Qd5 31. c4 Bxc4 32. Rc1 Qd4+ 33. Kg2 Rxd2+ 34. Kh3 Rb2 35. Qf3 Bd5 36. Qa3 Qf2 37. Kg4 Qe2+ 0-1

[Event "CAN-ch"]
[Site "Toronto CAN"]
[Date "2004.08.24"]
[Round "5.22"]
[White "Lipnowski, Samuel"]
[Black "Golts, Roman"]
[Result "0-1"]
[WhiteElo "2078"]
[BlackElo "2271"]
[PlyCount "38"]
[GameId "2160767911077978"]
[EventDate "2004.08.20"]
[EventType "swiss"]
[EventRounds "11"]
[EventCountry "CAN"]

1. e4 g6 2. d4 Bg7 3. c4 d6 4. Nc3 Nf6 5. f3 O-O 6. Be3 e5 7. Nge2 Nbd7 8. Qd2 a6 9. Ng3 Ne8 10. O-O-O c6 11. h4 b5 12. h5 exd4 13. Bxd4 Bxd4 14. Qxd4 Qg5+ 15. Qd2 Qxg3 16. f4 Ndf6 17. hxg6 fxg6 18. Re1 Ng7 19. Ne2 Qf2 0-1

[Event "CAN-ch"]
[Site "Toronto CAN"]
[Date "2004.08.24"]
[Round "5.24"]
[White "Starr (Shterenberg), Nava"]
[Black "Thavandiran, Shiyam"]
[Result "1-0"]
[WhiteElo "2229"]
[BlackElo "2253"]
[PlyCount "77"]
[GameId "2160767911077979"]
[EventDate "2004.08.20"]
[EventType "swiss"]
[EventRounds "11"]
[EventCountry "CAN"]

1. e4 e6 2. b3 d5 3. Bb2 dxe4 4. Nc3 Nf6 5. Qe2 Bd7 6. Nxe4 Be7 7. Nf3 a5 8. a3 O-O 9. d4 Nc6 10. O-O-O a4 11. b4 b5 12. Nxf6+ Bxf6 13. Qe4 Ne7 14. Bd3 g6 15. Ne5 Nd5 16. h4 Bg7 17. Kb1 f5 18. Qf3 Bxe5 19. dxe5 c5 20. c4 bxc4 21. Bxc4 Bc6 22. b5 Bb7 23. Qg3 Qe7 24. f4 Nb6 25. Bxe6+ Qxe6 26. Rd6 Qe8 27. Rxb6 Rb8 28. Ka1 Be4 29. Rxb8 Qxb8 30. h5 Qxb5 31. hxg6 h5 32. Qc3 Rd8 33. e6 Rd4 34. e7 Qd7 35. Qxc5 Rd1+ 36. Rxd1 Qxd1+ 37. Bc1 Qd7 38. Qe5 Bc6 39. Qf6 1-0

[Event "CAN-ch"]
[Site "Toronto CAN"]
[Date "2004.08.24"]
[Round "5.25"]
[White "Davies, Lucas"]
[Black "MacDonald, Jonathan"]
[Result "1-0"]
[WhiteElo "2153"]
[BlackElo "2125"]
[PlyCount "99"]
[GameId "2160767911077980"]
[EventDate "2004.08.20"]
[EventType "swiss"]
[EventRounds "11"]
[EventCountry "CAN"]

1. e4 e5 2. Bc4 Nf6 3. d3 Be7 4. Nf3 c6 5. Qe2 O-O 6. Nbd2 d5 7. Bb3 Nbd7 8. O-O Qc7 9. Rd1 Re8 10. c3 Nc5 11. Bc2 dxe4 12. dxe4 Bg4 13. b4 Ne6 14. Bb2 Nf4 15. Qe3 b6 16. a3 c5 17. h3 Bxh3 18. gxh3 Nxh3+ 19. Kf1 Ng4 20. Qe2 Nhxf2 21. Rdc1 h5 22. Nc4 Nh3 23. Ne3 Qc6 24. Nd5 Rad8 25. Rd1 Rxd5 26. exd5 Qf6 27. Bc1 g6 28. Kg2 Nhf2 29. Rf1 e4 30. Nh2 Qxc3 31. Nxg4 Nxg4 32. Bf4 e3 33. Qd3 Qf6 34. Bxe3 Qh4 35. Bf4 Bd6 36. Qf3 Bxf4 37. Qxf4 Re2+ 38. Kg1 f5 39. d6 Qh3 40. Qc4+ Kf8 41. Qxe2 Qg3+ 42. Qg2 Qe3+ 43. Kh1 h4 44. d7 h3 45. d8=Q+ Kg7 46. Qf3 Qe5 47. Qd7+ Kf6 48. Qfxf5+ gxf5 49. Rxf5+ Qxf5 50. Qxf5+ 1-0

[Event "CAN-ch"]
[Site "Toronto CAN"]
[Date "2004.08.24"]
[Round "5.27"]
[White "Wang, David"]
[Black "Smith, Hazel"]
[Result "1-0"]
[WhiteElo "2183"]
[BlackElo "2016"]
[PlyCount "63"]
[GameId "2160767911077982"]
[EventDate "2004.08.20"]
[EventType "swiss"]
[EventRounds "11"]
[EventCountry "CAN"]

1. e4 e6 2. d4 d5 3. Nc3 Bb4 4. e5 c5 5. Bd2 cxd4 6. Nb5 Be7 7. Qg4 Kf8 8. Nxd4 Nc6 9. Ngf3 a6 10. O-O-O Bd7 11. Kb1 b5 12. Nxc6 Bxc6 13. Nd4 Bd7 14. Bd3 h5 15. Qh3 Ke8 16. f4 Qc8 17. Rhf1 g6 18. g4 b4 19. f5 gxf5 20. gxf5 Bc5 21. fxe6 Bxe6 22. Nxe6 fxe6 23. Bg6+ Kd7 24. Bg5 Kc6 25. Bf7 Qc7 26. Qxe6+ Kb5 27. Qxd5 Ne7 28. Bxe7 Qxe7 29. Qc4+ Ka5 30. Rd5 Rhc8 31. Rf6 Ra7 32. a3 1-0

[Event "CAN-ch"]
[Site "Toronto CAN"]
[Date "2004.08.24"]
[Round "5.28"]
[White "Feoktistov, Dmitri"]
[Black "Davies, Noam"]
[Result "1-0"]
[WhiteElo "2175"]
[BlackElo "1953"]
[PlyCount "39"]
[GameId "2160767911077983"]
[EventDate "2004.08.20"]
[EventType "swiss"]
[EventRounds "11"]
[EventCountry "CAN"]

1. e4 c5 2. c3 Nf6 3. e5 Nd5 4. d4 cxd4 5. Nf3 e6 6. cxd4 b6 7. Nc3 Nxc3 8. bxc3 Qc7 9. Bd2 Bb7 10. Bd3 d6 11. O-O Nd7 12. Bf4 Rc8 13. Re1 Bxf3 14. Qxf3 dxe5 15. dxe5 h6 16. Rad1 g5 17. Bb5 Rd8 18. Rxd7 Rxd7 19. Rd1 gxf4 20. Rxd7 1-0

[Event "CAN-ch"]
[Site "Toronto CAN"]
[Date "2004.08.24"]
[Round "5.29"]
[White "Belzberg, Sid"]
[Black "Urquhart, Eddie"]
[Result "0-1"]
[WhiteElo "2039"]
[BlackElo "2273"]
[PlyCount "102"]
[GameId "2160767911077984"]
[EventDate "2004.08.20"]
[EventType "swiss"]
[EventRounds "11"]
[EventCountry "CAN"]

1. d4 Nf6 2. c4 Nc6 3. Nc3 e5 4. d5 Ne7 5. d6 cxd6 6. e4 Ng6 7. g3 d5 8. exd5 Bb4 9. Bd2 O-O 10. a3 Bxc3 11. Bxc3 d6 12. Bg2 Bf5 13. Nf3 Rc8 14. Qe2 Ne4 15. Rc1 Nc5 16. Rd1 a5 17. O-O a4 18. Bb4 Bd7 19. Nd2 f5 20. Bxc5 Rxc5 21. b4 axb3 22. Nxb3 Rc8 23. Rb1 Rf7 24. Rfc1 Ba4 25. Qd2 Bxb3 26. Rxb3 Nf8 27. Qb2 Qc7 28. Bf1 Kh8 29. Rb1 Rb8 30. Rb6 f4 31. Qb4 Rf6 32. a4 fxg3 33. hxg3 Qd7 34. a5 Qf5 35. Rb2 Rd8 36. Rxb7 e4 37. Qe1 Nd7 38. Bg2 Nc5 39. Rb8 Rff8 40. Rxd8 Rxd8 41. Re2 Re8 42. f3 Qe5 43. fxe4 Nd3 44. Qd2 Qd4+ 45. Re3 Qa1+ 46. Bf1 Ne5 47. Re1 Nf3+ 48. Kf2 Nxe1 49. Qxe1 Rf8+ 50. Ke2 Qd4 51. Bg2 Qb2+ 0-1

[Event "CAN-ch"]
[Site "Toronto CAN"]
[Date "2004.08.24"]
[Round "5.30"]
[White "Schmidt, Tom"]
[Black "Boik, Andrew"]
[Result "1/2-1/2"]
[WhiteElo "2216"]
[BlackElo "2058"]
[PlyCount "112"]
[GameId "2160767911077985"]
[EventDate "2004.08.20"]
[EventType "swiss"]
[EventRounds "11"]
[EventCountry "CAN"]

1. e4 c5 2. Nf3 d6 3. d4 cxd4 4. Nxd4 Nf6 5. Nc3 a6 6. Be2 e6 7. Be3 Be7 8. a4 Qc7 9. O-O Nc6 10. f4 Bd7 11. Qe1 O-O 12. Qg3 Rfe8 13. Rad1 Nb4 14. Kh1 d5 15. e5 Ne4 16. Nxe4 dxe4 17. f5 exf5 18. Nxf5 Bxf5 19. Rxf5 Qxc2 20. Bh5 g6 21. Rdf1 Rf8 22. e6 fxe6 23. Bxg6 exf5 24. Bxf5+ Kh8 25. Bd4+ Bf6 26. Qh4 Qc7 27. Bxf6+ Rxf6 28. Qxf6+ Qg7 29. Qxg7+ Kxg7 30. Bxe4 Nc6 31. Kg1 Rd8 32. Rc1 Rd4 33. Bxc6 bxc6 34. b3 Rd3 35. Rxc6 Rxb3 36. Rxa6 Ra3 37. h3 h5 38. h4 Ra2 39. Kh2 Ra3 40. a5 Kh7 41. Ra8 Kg7 42. a6 Kh7 43. a7 Kg7 44. Kg1 Ra2 45. Kf1 Kh7 46. Ke1 Kg7 47. Kd1 Kh7 48. Kc1 Kg7 49. Kb1 Ra6 50. Kc2 Ra1 51. Kc3 Ra4 52. Kb3 Ra1 53. Kc4 Ra5 54. Kb4 Ra1 55. Kc5 Rc1+ 56. Kd6 Ra1 1/2-1/2

[Event "CAN-ch"]
[Site "Toronto CAN"]
[Date "2004.08.24"]
[Round "5.31"]
[White "Southam, David"]
[Black "Bogle, Bill"]
[Result "1/2-1/2"]
[WhiteElo "2129"]
[BlackElo "2118"]
[PlyCount "92"]
[GameId "2160767911077986"]
[EventDate "2004.08.20"]
[EventType "swiss"]
[EventRounds "11"]
[EventCountry "CAN"]

1. d4 d5 2. c4 Nc6 3. cxd5 Qxd5 4. e3 e5 5. Nc3 Bb4 6. Bd2 Bxc3 7. Bxc3 exd4 8. Ne2 Nge7 9. Nxd4 O-O 10. Qf3 Qxf3 11. gxf3 Nxd4 12. Bxd4 Be6 13. Rg1 f6 14. f4 Nd5 15. Rc1 c6 16. Bc4 b6 17. b3 Rae8 18. Kd2 c5 19. Bb2 Nb4 20. f5 Rd8+ 21. Ke2 Bxc4+ 22. Rxc4 Nd3 23. Bc3 Ne5 24. Bxe5 fxe5 25. Rcg4 Rd7 26. e4 Rf6 27. Rd1 Rfd6 28. Rxd6 Rxd6 29. f4 exf4 30. Rxf4 Rd4 31. Ke3 Kf7 32. e5 Rxf4 33. Kxf4 g6 34. Kg5 b5 35. Kf4 c4 36. bxc4 bxc4 37. fxg6+ hxg6 38. Ke4 Ke6 39. Kd4 g5 40. Kxc4 Kxe5 41. Kb5 Kf4 42. Ka6 Kg4 43. Kxa7 Kh3 44. Kb8 Kxh2 45. a4 g4 46. a5 g3 1/2-1/2

[Event "CAN-ch"]
[Site "Toronto CAN"]
[Date "2004.08.24"]
[Round "5.32"]
[White "Cleto, Sam"]
[Black "Lavin, David"]
[Result "0-1"]
[WhiteElo "1928"]
[BlackElo "2171"]
[PlyCount "90"]
[GameId "2160767911077987"]
[EventDate "2004.08.20"]
[EventType "swiss"]
[EventRounds "11"]
[EventCountry "CAN"]

1. Nf3 Nf6 2. d4 d6 3. Bf4 g6 4. h3 Bg7 5. Nbd2 O-O 6. c3 Nbd7 7. Qb3 Qe8 8. e3 e5 9. dxe5 dxe5 10. Bh2 b6 11. Bb5 Qe7 12. O-O Bb7 13. Rad1 Rad8 14. Bxd7 Nxd7 15. e4 a5 16. Bg3 Kh8 17. Rfe1 Nc5 18. Qc2 Ba6 19. c4 Bb7 20. a3 Rd7 21. Re3 f6 22. Nh2 Rfd8 23. f3 Bc6 24. b3 Bh6 25. Re2 a4 26. b4 Nb3 27. Nhf1 Nd4 28. Qd3 Nxe2+ 29. Qxe2 Rd3 30. Be1 Qd7 31. Kh2 Rxa3 32. Rb1 Ra2 33. b5 Bb7 34. c5 Bxd2 35. Nxd2 Rxd2 36. Bxd2 Qxd2 37. Qc4 Kg7 38. Qe6 Qd7 39. Qc4 bxc5 40. Qxc5 Ra8 41. Ra1 Qd6 42. Qc2 a3 43. Rd1 Qe7 44. Qa2 Bc8 45. Rd2 Be6 0-1

[Event "CAN-ch"]
[Site "Toronto CAN"]
[Date "2004.08.24"]
[Round "5.33"]
[White "Aspler, Gerald"]
[Black "Ng, Gary"]
[Result "0-1"]
[WhiteElo "2138"]
[BlackElo "2180"]
[PlyCount "80"]
[GameId "2160767911077988"]
[EventDate "2004.08.20"]
[EventType "swiss"]
[EventRounds "11"]
[EventCountry "CAN"]

1. d4 Nf6 2. Nf3 e6 3. Bf4 c5 4. e3 Qb6 5. Qc1 Nc6 6. c3 d5 7. Bd3 Bd7 8. O-O Rc8 9. Nbd2 cxd4 10. exd4 Nb4 11. Bb1 Bb5 12. Re1 Nd3 13. Bxd3 Bxd3 14. Ne5 Bf5 15. h3 h6 16. Ndf3 Bd6 17. Nh4 Bh7 18. Nhf3 Ne4 19. g4 Qc7 20. g5 hxg5 21. Nxg5 Nxg5 22. Bxg5 Bf5 23. Ng4 Rxh3 24. Qd1 Bf4 25. Kg2 Rh8 26. Qa4+ Kf8 27. Rh1 Rh7 28. Rxh7 Bxh7 29. Rh1 Kg8 30. Bh4 Qc4 31. Qd1 Qd3 32. Qxd3 Bxd3 33. Ne5 Bf5 34. Rg1 f6 35. Nd7 Kf7 36. Kf3 g5 37. Nc5 b6 38. Nb3 Be4+ 39. Kg4 f5+ 40. Kh3 Rh8 0-1